<?xml version="1.0" encoding="UTF-8"?>
<marc:record xmlns:marc="http://www.loc.gov/MARC21/slim">
   <marc:leader>00000nam a2200000 a 4500</marc:leader>
   <marc:datafield ind1="1" ind2=" " tag="100">
      <marc:subfield code="a">Bray, Kevin</marc:subfield>
      <marc:subfield code="4">aut</marc:subfield>
      <marc:subfield code="e">Verfasser/-in</marc:subfield>
   </marc:datafield>
   <marc:datafield ind1="1" ind2=" " tag="100">
      <marc:subfield code="a">Rafferty, Sarah</marc:subfield>
   </marc:datafield>
   <marc:datafield ind1="1" ind2=" " tag="100">
      <marc:subfield code="a">Markle, Meghan</marc:subfield>
   </marc:datafield>
   <marc:datafield ind1="1" ind2=" " tag="100">
      <marc:subfield code="a">Hoffman, Rick</marc:subfield>
   </marc:datafield>
   <marc:datafield ind1="1" ind2=" " tag="100">
      <marc:subfield code="a">Adam, Patrick J.</marc:subfield>
   </marc:datafield>
   <marc:datafield ind1="1" ind2=" " tag="100">
      <marc:subfield code="a">Macht, Gabriel</marc:subfield>
   </marc:datafield>
   <marc:datafield ind1=" " ind2=" " tag="653">
      <marc:subfield code="a">Unterhaltung</marc:subfield>
   </marc:datafield>
   <marc:datafield ind1=" " ind2=" " tag="653">
      <marc:subfield code="a">USA</marc:subfield>
   </marc:datafield>
   <marc:datafield ind1=" " ind2=" " tag="653">
      <marc:subfield code="a">Anwaltsserie</marc:subfield>
   </marc:datafield>
   <marc:datafield ind1=" " ind2=" " tag="653">
      <marc:subfield code="a">Serie</marc:subfield>
   </marc:datafield>
   <marc:datafield ind1=" " ind2=" " tag="653">
      <marc:subfield code="a">Anwalt</marc:subfield>
   </marc:datafield>
   <marc:datafield ind1="0" ind2="0" tag="245">
      <marc:subfield code="a">Suits, Staffel 4</marc:subfield>
   </marc:datafield>
   <marc:datafield ind1="0" ind2="0" tag="245">
      <marc:subfield code="c">Kevin Bray</marc:subfield>
   </marc:datafield>
   <marc:datafield ind1=" " ind2="1" tag="264">
      <marc:subfield code="a">Hamburg</marc:subfield>
      <marc:subfield code="b">Universal Pictures</marc:subfield>
      <marc:subfield code="c">2015</marc:subfield>
   </marc:datafield>
   <marc:datafield ind1="1" ind2=" " tag="520">
      <marc:subfield code="a">Wo viel auf dem Spiel steht, herrscht nicht lange eitel Sonnenschein - das gilt ganz besonders für die Welt der Top-Anwälte mit ihren milliardenschweren Deals. Auch nach seiner Kündigung bei Pearson Specter findet Mike (Patrick J. Adams) keinen rechten Ausweg aus seinem Lügenkonstrukt, in das er sich verstrickt hat. Unversehens stehen sich Harvey (Gabriel Macht) und Mike in einer Übernahmeschlacht gegenüber, in der mit allen Waffen gekämpft wird. Und das ist noch lange nicht das einzige Scharmützel: Die Börsenaufsicht nimmt Pearson Specter immer genauer ins Visier, die Beziehung von Mike und Rachel (Meghan Markle) muss sich unter Kampfbedingungen bewähren und Jessicas (Gina Torres) Neutralität wird torpediert - verletzen und verletzt werden, persönlich wie privat, scheint das Gebot der Stunde zu sein. Als sich endlich ein Waffenstillstand anbahnt, wird durch ein im Grunde ganz unverfängliches Gespräch zwischen Louis (Rick Hoffman) und Mike die Lunte erneut angezündet.</marc:subfield>
   </marc:datafield>
   <marc:datafield ind1=" " ind2=" " tag="020">
      <marc:subfield code="a">5053083042844</marc:subfield>
      <marc:subfield code="9">5053083042844</marc:subfield>
   </marc:datafield>
   <marc:datafield ind1="0" ind2=" " tag="490">
      <marc:subfield code="v">0</marc:subfield>
   </marc:datafield>
   <marc:datafield ind1=" " ind2=" " tag="300">
      <marc:subfield code="a">4 CD-DVDs ; ca. 663 Min.</marc:subfield>
   </marc:datafield>
</marc:record>
